Loreto College Library, Kolkata
WEBOPAC (ONLINE PUBLIC ACCESS CATALOGUE)

Bhashavigyan (Record no. 42319)

MARC details
000 -LEADER
fixed length control field 00501nam a22001937a 4500
005 - DATE AND TIME OF LATEST TRANSACTION
control field 20191206140958.0
008 - FIXED-LENGTH DATA ELEMENTS--GENERAL INFORMATION
fixed length control field 190805b xxu||||| |||| 00| 0 eng d
020 ## - ISBN | অাই এস বি এন
ISBN | অাই এস বি এন 8122500544
PRICE Rs. 580.00
040 ## - CATALOGING SOURCE
Original cataloging agency Loreto College
041 ## - LANGUAGE CODE
Language code Hindi
082 ## - DDC | ডিউই
Classification number | বর্গসংখ্যা 491.43
Book Number | গ্রন্থাঙ্ক TIW
100 ## - MAIN ENTRY--PERSONAL NAME | মুখ্য সংলেখ - ব্যাক্তিনাম
Personal name | ব্যাক্তিনাম Tiwari, Bholanath
245 ## - TITLE STATEMENT | অাখ্যা বিবরণী
Title | অাখ্যা Bhashavigyan
Statement of responsibility | লেখকের দায়িত্বের বিবরণ Bholanath Tiwari
260 ## - IMPRINT | প্রকাশনা ক্ষেত্র
Place of publication | প্রকাশ স্থান Allahabad
Name of publisher | প্রকাশকের নাম Kitab Mahal
Date of publication | প্রকাশ কাল 2013
300 ## - PHYSICAL DESCRIPTION |
Page / Vol. No | পৃষ্ঠা / খন্ড সংখ্যা 421 p.
Other physical details | অনান্য বাহ্যিক বিবরণ 24 cm.
650 ## - SUBJECT ADDED ENTRY--TOPICAL TERM | বিষয় শিরোনাম - মূল বিষয়
Topical term | মূল বিষয় Hindi language
850 ## - HOLDING INSTITUTION
Holding institution LCLIB
Sub Holdings HinSemLib
942 ## - ADDED ENTRY ELEMENTS (KOHA)
Koha item type Books
Holdings
Withdrawn status Lost status Source of classification Damaged status Not for loan Home library Current library Shelving location Date acquired Price Total Checkouts Full call number Accession No. Date last seen Price effective from Koha item type SEMLIB Coded location qualifier
    Dewey Decimal Classification     Loreto College Loreto College Seminar Library 05/08/2019 580.00   491.43 TIW 53112 HinSemLib/1200 46343 05/08/2019 05/08/2019 Books HinSemLib